اكتمل التصدير — 

Bes : demon God, protector of Egypt /

"The demon god Bes was above all a protector of Egypt, as manifested in a variety of ways over the ages. This publication takes a closer look at the themes of the exhibition Bes. Demon God - Protector of Egypt. Who was Bes? What role did he play in sexuality, as a musician or alongside other go...

وصف كامل

محفوظ في:

مؤلفون آخرون: Bagh, Tine (المحرر), Manniche, Lise (المحرر), Podemann Sørensen, Jørgen (مساهم), Garner, Glen. (المترجم)

التنسيق: كتاب

اللغة: English

منشور في: [Copenhagen] : Ny Carlsberg Glyptotek, 2021.

الموضوعات:

الوسوم: إضافة وسم

لا توجد وسوم, كن أول من يضع وسما على هذه التسجيلة!

رقم الطلب: NB75 .B478

LEADER 01843nam a22003737a 4500
003 OSt
005 20260201110626.0
008 010226t2021 dk a b 000 0 eng
020 |a 9788774523772  |q paperback 
040 |c ARCE Library 
042 |a pcc 
050 1 4 |a NB75  |b .B478 
245 0 0 |a Bes :  |b demon God, protector of Egypt /  |c Tine Bagh and Lise Manniche (eds.). 
264 1 |a [Copenhagen] :   |b Ny Carlsberg Glyptotek,   |c 2021. 
300 |a 127 pages :   |b many illustrations (chiefly color) ;   |c 22 cm. 
500 |a Catalogue of an exhibition held at Ny Carlsberg Glyptotek, Copenhagen, May 20-October 31, 2021.  
504 |a Includes bibliographical references (page 127). 
520 |a "The demon god Bes was above all a protector of Egypt, as manifested in a variety of ways over the ages. This publication takes a closer look at the themes of the exhibition Bes. Demon God - Protector of Egypt. Who was Bes? What role did he play in sexuality, as a musician or alongside other gods? And why was he so popular in Nubia, Egypt's southern neighbour? Exhibition: Ny Carlsberg Glyptotek, Copenhagen, Denmark (20.05 - 31.10.2021)"-- Back cover.  
585 |a Catalog of an exhibition held at the Ny Carlsberg Glyptotek, May 20-October 31, 2021. 
650 0 |a Sculpture, Egyptian   |v Exhibitions.  
650 0 |a Art, Ancient   |z Egypt  |v  Exhibitions.  
650 0 |a Bes (Egyptian deity)   |x Art  |v Exhibitions. 
651 0 |a Egypt  |x Religion. 
651 0 |a Nubia  |x Religion. 
655 |b Exhibition catalogs 
700 1 |a Bagh, Tine,   |e editor 
700 1 |a Manniche, Lise,   |e editor 
700 1 |a Podemann Sørensen, Jørgen,   |e contributor 
700 1 |a Garner, Glen.  |e translator 
710 |a Ny Carlsberg glyptotek  |e host institution 
901 |a reviewed 
942 |2 lcc  |c BK 
955 |a ve21 2022-03-11 
999 |c 49226  |d 49226